000 00276nam a2200097Ia 4500
082 _a658.83 CROU
245 0 _aMarketing research for managers
100 _a CROUCH, Sunny Oxford, 2003 3rd ed
_996567
942 _cBK
008 210817s9999 xx 000 0 und d
999 _c422984
_d422983